| 000 | 00702nam a2200229Ia 4500 | ||
|---|---|---|---|
| 005 | 20260430150147.0 | ||
| 008 | 008 250103s9999 xx 000 0 eng d | ||
| 037 | _aTheses | ||
| 040 | _aCRL | ||
| 040 | _beng | ||
| 040 | _ceng | ||
| 041 | _2eng | ||
| 041 | _aeng | ||
| 084 | _qCRL | ||
| 100 |
_aVashisht Garima Au.; Annapoorni S. Gu. _91236635 |
||
| 245 | 0 | _aMagnetization reversal and anisotropy midulations in pure FeCo and reverse stack FeCo/Fept bilayers: Experimental approach with micromagnetic modelling | |
| 260 | _c2021 | ||
| 300 | _a262p. | ||
| 700 | _aUniversity of Delhi. Faculty of Science. Deptt. of Physics and Astrophysics | ||
| 942 | _cTH | ||
| 999 |
_c1849097 _d1849097 |
||